LEADER 01804nam a2200361 i 4500 001 991003887939707536 008 080917s2008 riua b 101 0 eng d 020 $a9780821844564 020 $a0821844563 035 $ab13767239-39ule_inst 040 $aDip.to Matematica$beng 082 04$a516.08$222 084 $aAMS 52A20 084 $aAMS 42A38 084 $aLC QA639.5.K64 100 1 $aKoldobsky, Alexander$0300652 245 14$aThe interface between convex geometry and harmonic analysis /$cAlexander Koldobsky, Vladyslav Yaskin 260 $aProvidence, R. I. :$bPublished for the Conference Board of the Mathematical Sciences by the American Mathematical Society with support from the National Science Foundation,$cc2008 300 $ax, 107 p. :$bill. ;$c26 cm 490 1 $aConference Board of the Mathematical Sciences regional conference series in mathematics,$x0160-7642 ;$v108 500 $a"NSF-CBMS Regional Conference on The interface between convex geometry and harmonic analysis held at Kansas State University, Manhattan, KS, July 29-August 3, 2006". T.p. verso 504 $aIncludes bibliographical references (p. 101-105) and index 650 0$aConvex geometry$vCongresses 650 0$aHarmonic analysis$vCongresses 700 1 $aYaskin, Vladyslav$eauthor$4http://id.loc.gov/vocabulary/relators/aut$0313079 710 2 $aKansas State University 830 0$aRegional conference series in mathematics ;$v108 907 $a.b13767239$b28-01-14$c17-09-08 912 $a991003887939707536 945 $aLE013 52A KOL12 (2008)$g1$i2013000208695$lle013$op$pE22.07$q-$rl$s- $t0$u1$v0$w1$x0$y.i14846950$z02-10-08 996 $aInterface between convex geometry and harmonic analysis$9806772 997 $aUNISALENTO 998 $ale013$b17-09-08$cm$da $e-$feng$griu$h4$i0 LEADER 01100nam0 22002891i 450 001 UON00254957 005 20231205103646.470 010 $a34-470-3392-4 100 $a20040629d1993 |0itac50 ba 101 $aeng 102 $aDE 105 $a|||| ||||| 200 1 $aˆA ‰syntax of San'ani arabic$fJanet C.E. Watson 210 $aWiesbaden$cHarrassowitz$d1993 215 $axxi, 454 p.$d24 cm 410 1$1001UON00066053$12001 $aSemitica Viva$fHrsg. von Otto Jastrow$v13 606 $aDIALETTI ARABI$3UONC019138$2FI 620 $aDE$dWiesbaden$3UONL003153 676 $a492.77$cLingua araba. Varianti storiche e geografiche$v21 700 1$aWATSON$bJanet C. E.$3UONV096083$0627273 712 $aHarrassowitz$3UONV245869$4650 801 $aIT$bSOL$c20240220$gRICA 899 $aSIBA - SISTEMA BIBLIOTECARIO DI ATENEO$2UONSI 912 $aUON00254957 950 $aSIBA - SISTEMA BIBLIOTECARIO DI ATENEO$dSI ET II C b 060 $eSI AA 26596 7 060 996 $aSyntax of San'ani arabic$91234177 997 $aUNIOR